<?xml version="1.0" encoding="UTF-8"?>
<record
    xmlns:xsi="http://www.w3.org/2001/XMLSchema-instance"
    xsi:schemaLocation="http://www.loc.gov/MARC21/slim http://www.loc.gov/standards/marcxml/schema/MARC21slim.xsd"
    xmlns="http://www.loc.gov/MARC21/slim">

  <leader>05453nab a2200361 i 4500</leader>
  <controlfield tag="003">BR-BrBNA</controlfield>
  <controlfield tag="005">20241223135929.0</controlfield>
  <controlfield tag="008">241223b2015    bl.|r|pooa||| 00| 0 eng |</controlfield>
  <datafield tag="040" ind1=" " ind2=" ">
    <subfield code="a">BR-BrBNA</subfield>
    <subfield code="b">eng</subfield>
  </datafield>
  <datafield tag="072" ind1=" " ind2=" ">
    <subfield code="a">L73</subfield>
    <subfield code="b">5240</subfield>
  </datafield>
  <datafield tag="072" ind1=" " ind2=" ">
    <subfield code="a">L70</subfield>
    <subfield code="b">5250</subfield>
  </datafield>
  <datafield tag="100" ind1=" " ind2=" ">
    <subfield code="a">Leal, J.S.</subfield>
  </datafield>
  <datafield tag="100" ind1=" " ind2=" ">
    <subfield code="a">Correa, G.L.F. </subfield>
  </datafield>
  <datafield tag="100" ind1=" " ind2=" ">
    <subfield code="a">Boos, G.S. </subfield>
  </datafield>
  <datafield tag="100" ind1=" " ind2=" ">
    <subfield code="a">Bianchi, M.V. </subfield>
  </datafield>
  <datafield tag="100" ind1=" " ind2=" ">
    <subfield code="a">Boabaid, F.M. </subfield>
  </datafield>
  <datafield tag="100" ind1=" " ind2=" ">
    <subfield code="a">Lopes, R.F.F. </subfield>
  </datafield>
  <datafield tag="100" ind1=" " ind2=" ">
    <subfield code="a">Driemeier, D. </subfield>
  </datafield>
  <datafield tag="245" ind1=" " ind2=" ">
    <subfield code="a">Scrapie diagnosis in a goat and four Santa In&#xEA;s sheep from the same herd in Brazil </subfield>
  </datafield>
  <datafield tag="500" ind1=" " ind2=" ">
    <subfield code="a">Publica&#xE7;&#xE3;o online; 13 ref.; Summaries  (En, Pt)</subfield>
  </datafield>
  <datafield tag="520" ind1=" " ind2=" ">
    <subfield code="a">

ABSTRACT - Scrapie is a fatal and progressive transmissible spongiform encephalopathy (TSE) of natural occurrence in sheep and goats. The suspicion of scrapie may be based on clinical signs; however, the detection of pathological features of the prionic protein (PrP) in target tissues is necessary to diagnose the disease. The presence of an abnormal protein form (PrPSc) in lymphoreticular and nervous tissues is an important characteristic in diagnosis. This paper reports a case of scrapie in a flock of 55 Suffolk crossbred sheep, 19 Santa In&#xEA;s sheep and 21 goats in the Mato Grosso state, midwestern Brazil. The animals were euthanized after the confirmation of a scrapie case with clinical signs in a Suffolk sheep in the same farm. Samples of brainstem at the level of the obex and lymphoid issues like palatine tonsils, mesenteric lymph nodes, third eyelid fixed in formalin 10% were processed for histological examination. Histological examination with hematoxylin and eosin did not show any microscopic changes in samples. Immunohistochemistry (IHC) examination to detect anti-prion PrPSc was performed in lymphoid tissues. Scrapie diagnosis was confirmed based on IHC positive results for PrPSc in lymphoid tissues of a crossbreed goat and four Santa In&#xEA;s sheep, without any clinical scrapie signs. IHC showed positive staining in at least three lymphoid germinal centers in goat mesenteric lymph node, palatine tonsil, and third eyelid samples. The mesenteric lymph node, and tonsil samples of all sheep showed positive immunostaining, and only one sheep showed positive staining in lymphoid follicles in the third eyelid. Scrapie diagnosis using IHC in fixed samples of lymphoreticular tissue is technically feasible to detect the disease in both goats and sheep, as a form of pre-clinical diagnosis. The results indicate that the herd was infected by a sheep coming from another herd where scrapie had been diagnosed before.


Keywords: scrapie, prion, diseases of small ruminants, immunohistochemistry, lymphoid tissues </subfield>
  </datafield>
  <datafield tag="520" ind1=" " ind2=" ">
    <subfield code="a">

RESUMO - Scrapie &#xE9; uma encefalopatia espongiforme transmiss&#xED;vel (EET) progressiva e fatal de ocorr&#xEA;ncia natural em ovinos e caprinos. A suspeita de scrapie &#xE9; baseada nos sinais cl&#xED;nicos, por&#xE9;m a manifesta&#xE7;&#xE3;o patol&#xF3;gica da prote&#xED;na pri&#xF4;nica (PrP) nos tecidos-alvo &#xE9; necess&#xE1;ria para a confirma&#xE7;&#xE3;o da doen&#xE7;a. A presen&#xE7;a de uma forma anormal da prote&#xED;na (PrPSc) em tecido linforreticular e tecido nervoso constitui uma caracter&#xED;stica importante para o diagn&#xF3;stico. Este trabalho &#xE9; o relato de um foco de scrapie ocorrido em rebanho com 55 ovinos mistos Suffolk, 21 caprinos e 19 ovinos Santa In&#xEA;s, na regi&#xE3;o Centro-Oeste do Brasil. Os animais foram eutanasiados ap&#xF3;s a confirma&#xE7;&#xE3;o de um caso de scrapie com sinais cl&#xED;nicos em um ovino Suffolk nessa propriedade. Amostras de tronco cerebral na altura do obex e tecidos linfoides, que inclu&#xED;ram tonsilas, linfonodos mesent&#xE9;ricos e tecido linfoide da terceira p&#xE1;lpebra foram processados para exame histol&#xF3;gico. O exame histol&#xF3;gico utilizando a colora&#xE7;&#xE3;o de hematoxilina e eosina n&#xE3;o revelou a presen&#xE7;a de altera&#xE7;&#xF5;es microsc&#xF3;picas nos tecidos examinados. O diagn&#xF3;stico de scrapie foi confirmado com base nos resultados positivos de imuno-histoqu&#xED;mica (IHQ) para PrPSc nos tecidos linfoides de um caprino sem ra&#xE7;a definida e quatro ovinos da ra&#xE7;a Santa In&#xEA;s, sem sinais cl&#xED;nicos de scrapie. A IHQ apresentou marca&#xE7;&#xE3;o positiva em pelo menos tr&#xEA;s centros linfoides na tonsila, terceira p&#xE1;lpebra e linfonodo mesent&#xE9;rico do caprino. Em todos os ovinos, a IHQ revelou marca&#xE7;&#xE3;o positiva nos fol&#xED;culos linfoides da tonsila palat&#xED;nica e linfonodo mesent&#xE9;rico; a marca&#xE7;&#xE3;o positiva nos fol&#xED;culos linfoides da terceira p&#xE1;lpebra s&#xF3; foi observada em um dos ovinos. Este trabalho demonstra a import&#xE2;ncia da utiliza&#xE7;&#xE3;o de tecido linforreticular para o diagn&#xF3;stico pr&#xE9;-cl&#xED;nico de scrapie atrav&#xE9;s de IHQ e &#xE9; tecnicamente vi&#xE1;vel em ovinos e caprinos. Os resultados indicam que os animais foram contaminados por um ovino oriundo de um rebanho que apresentava casos cl&#xED;nicos de scrapie.


Palavras-chave: scrapie, pr&#xED;on, doen&#xE7;as de pequenos ruminantes, imuno-histoqu&#xED;mica, tecidos linfoides</subfield>
  </datafield>
  <datafield tag="650" ind1=" " ind2=" ">
    <subfield code="a">OVINO</subfield>
  </datafield>
  <datafield tag="650" ind1=" " ind2=" ">
    <subfield code="a">CAPRINO</subfield>
  </datafield>
  <datafield tag="650" ind1=" " ind2=" ">
    <subfield code="a">DOEN&#xC7;A ANIMAL</subfield>
  </datafield>
  <datafield tag="650" ind1=" " ind2=" ">
    <subfield code="a">DIAGN&#xD3;STICO</subfield>
  </datafield>
  <datafield tag="650" ind1=" " ind2=" ">
    <subfield code="a">VETERIN&#xC1;RIA</subfield>
  </datafield>
  <datafield tag="650" ind1=" " ind2=" ">
    <subfield code="a">DEFESA  ANIMAL</subfield>
  </datafield>
  <datafield tag="773" ind1="0" ind2=" ">
    <subfield code="0">1643</subfield>
    <subfield code="9">315898</subfield>
    <subfield code="d">Belo Horizonte-MG Universidade Federal de Minas Gerais - Escola de Veterinaria 1983</subfield>
    <subfield code="o">2024-2263</subfield>
    <subfield code="t">Arquivo Brasileiro de Medicina Veterin&#xE1;ria e Zootecnia (Brazil)</subfield>
    <subfield code="x">0102-0935</subfield>
    <subfield code="g">v. 67(6) p. 1625-1629; (2015)</subfield>
    <subfield code="w">BR2024004246</subfield>
  </datafield>
  <datafield tag="856" ind1=" " ind2=" ">
    <subfield code="u">https://www.scielo.br/j/abmvz/a/TjZ4yZpqKFh4McMSbJHLTwg/?format=pdf&amp;lang=en</subfield>
  </datafield>
  <datafield tag="942" ind1=" " ind2=" ">
    <subfield code="c">ANA</subfield>
  </datafield>
  <datafield tag="999" ind1=" " ind2=" ">
    <subfield code="c">329410</subfield>
    <subfield code="d">329410</subfield>
  </datafield>
</record>
